[Event "Berliner Sommer"]
[Site "Berlin"]
[Date "1995.??.??"]
[Round "5"]
[White "Suetin, Alexey S"]
[Black "Manor, Ilan"]
[Result "0-1"]
[WhiteElo "2445"]
[BlackElo "2480"]

1.e4 c5 2.Ne2 Nc6 3.d4 cxd4 4.Nxd4 e6 5.Nc3 Nf6 6.a3 d5 7.Bb5 Bd7 8.exd5 exd5
9.O-O Be7 10.Nb3 Bg4 11.f3 Be6 12.Be3 O-O 13.Bxc6 bxc6 14.Na4 Nd7 15.Nac5 Qb6
16.Qd4 Nxc5 17.Nxc5 Bf6 18.Qa4 Qxb2 19.Rab1 Qc3 20.Bf2 Bf5 21.Qxc6 Bxc2 22.Rb7 Rad8
23.Qb5 Qxa3 24.Qe2 Bf5 25.Rb3 Qa5 26.Rb5 Qc3 27.Rb3 Qc4 28.Re1 Qxe2 29.Rxe2 d4
30.g4 Bg6 31.h4 h6 32.f4 Rd5 33.Nd3 Bxd3 34.Rxd3 g6 35.Ra2 a5 36.Kg2 Ra8
37.Ra4 h5 38.g5 Be7 39.Rdxd4 Rxd4 40.Bxd4 Bb4 41.Kf3 Kf8 42.f5 Ke7 43.Ke4 Kd6
44.fxg6 fxg6 45.Ra1 Re8+ 46.Kd3 Re1 47.Ra2 Kd5 48.Bc3 Rc1 49.Bxb4 axb4 50.Ra5+ Rc5
51.Ra6 Rc3+ 52.Kd2 Kc4 53.Rxg6 Rh3 54.Rc6+ Kb3 55.Rc1 Rg3 56.Rc5 Ka2 57.Ra5+ Kb1
58.g6 Rxg6 59.Rxh5 Rb6 60.Rg5 b3 61.h5 b2 62.Rg6 Rb5 63.h6 Ka2 64.h7 b1=Q
65.h8=Q Rd5+ 66.Ke3 Qd3+ 67.Kf4 Rf5+  0-1

[Event "Berliner Sommer"]
[Site "Berlin"]
[Date "1995.??.??"]
[Round "7"]
[White "Timoshenko, Georgy"]
[Black "Kuporosov, Viktor"]
[Result "1-0"]
[WhiteElo "2550"]
[BlackElo "2495"]

1.e4 c5 2.Nf3 e6 3.d4 cxd4 4.Nxd4 Nc6 5.Nc3 Qc7 6.Be3 a6 7.Be2 Nf6 8.O-O Be7
9.f4 d6 10.a4 O-O 11.Kh1 Re8 12.Bf3 Rb8 13.Qd2 Bd7 14.Nb3 b6 15.g4 Bc8 16.g5 Nd7
17.Qf2 Bf8 18.Bg2 g6 19.Rae1 Bb7 20.Qh4 Bg7 21.f5 Bxc3 22.bxc3 exf5 23.exf5 Nce5
24.Bd4 Bxg2+ 25.Kxg2 Qc6+ 26.Kg3 b5 27.axb5 axb5 28.Nd2 gxf5 29.Rxf5 Re6
30.Ref1 Rg6 31.Qf4 Rf8 32.h4 h5 33.Ne4 Qc4 34.Kh3 Qe6 35.Ng3 f6 36.Kg2 Rf7
37.Qe4 fxg5 38.Qa8+ Nf8 39.Bxe5 gxh4 40.Rxf7  1-0

[Event "Berliner Sommer"]
[Site "Berlin"]
[Date "1995.??.??"]
[Round "7"]
[White "Anka, Emil"]
[Black "Ruzele, Darius"]
[Result "1/2-1/2"]
[WhiteElo "2410"]
[BlackElo "2505"]

1.e4 c5 2.Nf3 e6 3.d4 cxd4 4.Nxd4 Nc6 5.Nc3 Qc7 6.Be3 a6 7.f4 b5 8.Be2 Bb7
9.Nb3 d6 10.Bf3 Nf6 11.g4 Nd7 12.a4 b4 13.Ne2 Na5 14.Nxa5 Qxa5 15.O-O Be7
16.Ng3 O-O 17.g5 Rfe8 18.Rf2 Rac8 19.Qe1 Bf8 20.b3 Rc7 21.Rd1 Rec8 22.Rdd2 Rc3
23.Bd4 R3c6 24.Bb2 Qc7 25.Kh1 a5 26.Qa1 e5 27.Bg4 Rd8 28.Bxd7 Rxd7 29.fxe5 dxe5
30.Bxe5 Rxd2 31.Rxd2 Qc8 32.Qd1 Re6 33.Rd8 Qc5 34.Bd4 Rxe4 35.Rxf8+ Qxf8
36.Nxe4 Bxe4+ 37.Kg1 Qd8 38.Qd2 Bxc2 39.Qe3 Qb8 40.Bb2 Qd8 41.Qe5  1/2-1/2

[Event "Berliner Sommer"]
[Site "Berlin"]
[Date "1995.??.??"]
[Round "9"]
[White "Ulibin, Mikhail"]
[Black "Poluljahov, Aleksandr"]
[Result "1/2-1/2"]
[WhiteElo "2545"]
[BlackElo "2460"]

1.e4 c5 2.Nf3 e6 3.d4 cxd4 4.Nxd4 Nc6 5.Nc3 Qc7 6.f4 a6 7.Nb3 b5 8.Bd3 d6
9.Be3 Nf6 10.Qf3 Be7 11.O-O O-O 12.a4 b4 13.Nb1 Bb7 14.N1d2 Na5 15.Qg3 d5
16.e5 Ne4 17.Bxe4 dxe4 18.f5 Nxb3 19.Nxb3 exf5 20.Nd4 Bc5 21.Nxf5 Bxe3+ 22.Nxe3 Qc5
23.Kh1 Bc8 24.Qf4 Qc6 25.Rfd1 a5 26.Rd6 Qc7 27.Rad1 Be6 28.Qxe4 Rac8 29.R1d2 Rfe8
30.Qd4 h6 31.h3 Qe7 32.Qf4 Rc5 33.Kh2 Qg5 34.Qxg5 hxg5  1/2-1/2

[Event "Berliner Sommer"]
[Site "Berlin"]
[Date "1995.??.??"]
[Round "9"]
[White "Hector, Jonny"]
[Black "Soffer, Ram"]
[Result "1/2-1/2"]
[WhiteElo "2510"]
[BlackElo "2530"]

1.e4 c5 2.Nf3 e6 3.d4 cxd4 4.Nxd4 Nc6 5.Nc3 Qc7 6.Be3 a6 7.Bd3 Nf6 8.O-O Bd6
9.Nxc6 dxc6 10.f4 e5 11.f5 Qe7 12.a4 Bc5 13.Bxc5 Qxc5+ 14.Kh1 a5 15.Qe2 h5
16.Nd1 Ke7  1/2-1/2

[Event "Berliner Sommer"]
[Site "Berlin"]
[Date "1995.??.??"]
[Round "9"]
[White "Zontakh, Andrey"]
[Black "Kuporosov, Viktor"]
[Result "0-1"]
[WhiteElo "2460"]
[BlackElo "2495"]

1.e4 c5 2.Nf3 e6 3.d4 cxd4 4.Nxd4 Nc6 5.Nc3 Qc7 6.Be3 a6 7.Bd3 b5 8.O-O Bb7
9.Qe2 Nf6 10.a3 Ne5 11.h3 Bc5 12.f4 Nc4 13.Bxc4 bxc4 14.e5 Nd5 15.Nxd5 Bxd5
16.Rad1 O-O 17.c3 f6 18.exf6 Rxf6 19.Rf2 Raf8 20.Qd2 Qb6 21.Kh2 Be4 22.Nc2 d5
23.Rdf1 Bd3 24.Re1 g5 25.Bxc5 Qxc5 26.f5 h6 27.Qe3 Qd6+ 28.Kg1 exf5 29.Qe5 Be4
30.Qxd6 Rxd6 31.Nd4 Rdf6 32.Ref1 Kg7 33.g3 Kg6 34.Kh2 Bd3 35.Re1 Be4 36.Ref1 R8f7
37.h4 gxh4 38.gxh4 f4 39.Rg1+ Kh5 40.Rg8 Bh7 41.Rd8 Be4 42.Rg8 Re7 43.Kg1 Bh7
44.Rd8 Re1+ 45.Rf1 Rxf1+ 46.Kxf1 Be4 47.Rg8 Kxh4 48.Kf2 Rb6  0-1

[Event "Bern op"]
[Site "Bern"]
[Date "1995.??.??"]
[Round "3"]
[White "Spraggett, Kevin"]
[Black "Arakhamia, Ketevan"]
[Result "1-0"]
[WhiteElo "2520"]
[BlackElo "2400"]

1.e4 c5 2.Nf3 Nc6 3.d4 cxd4 4.Nxd4 e6 5.Nc3 d6 6.Be3 Nf6 7.f4 a6 8.Qf3 Qc7
9.O-O-O Be7 10.Rg1 O-O 11.g4 Nxd4 12.Bxd4 b5 13.g5 Nd7 14.Rg3 Rd8 15.Qh5 b4
16.Bxg7 Kxg7 17.f5 bxc3 18.Qh6+ Kh8 19.Rh3 Bxg5+ 20.Qxg5 cxb2+ 21.Kb1 Rg8
22.Qh4 Rg7 23.f6 Nxf6 24.Qxf6 Bb7 25.e5 Qd8 26.Bd3 Qxf6 27.exf6 Rg5 28.Bxh7 Rb8
29.Be4+ Kg8 30.Rb3 d5 31.Bd3 Rg2 32.Bxa6  1-0

[Event "Bern op"]
[Site "Bern"]
[Date "1995.??.??"]
[Round "4"]
[White "Milov, Leonid"]
[Black "Begovac, Franja"]
[Result "1/2-1/2"]
[WhiteElo "2525"]
[BlackElo "2425"]

1.e4 c5 2.Nf3 e6 3.d4 cxd4 4.Nxd4 Nc6 5.Nc3 a6 6.f4 Qc7 7.Nxc6 Qxc6 8.Bd3 b5
9.Qe2 Bb7 10.Bd2 Bc5 11.Rf1 Ne7 12.Qh5 g6 13.Qe5 Rf8 14.Qf6 O-O-O 15.b4 Bxb4
16.Nxb5 Bxd2+ 17.Kxd2 axb5 18.Qxe7 d5 19.e5 d4 20.Rab1 Qc3+ 21.Kc1 Rfe8 22.Qxf7 Qa3+
23.Kd1 Re7 24.Qf6 Bxg2 25.Rf2 Bc6 26.Rb3 Qa7 27.Kd2  1/2-1/2

[Event "Bern op"]
[Site "Bern"]
[Date "1995.??.??"]
[Round "9"]
[White "Sziebert, Adam"]
[Black "Arbakov, Valentin"]
[Result "0-1"]
[WhiteElo "2330"]
[BlackElo "2500"]

1.e4 c5 2.Nf3 e6 3.d4 cxd4 4.Nxd4 Nc6 5.Nc3 Qc7 6.Be2 Nf6 7.O-O a6 8.Kh1 Be7
9.Be3 O-O 10.f4 d6 11.Bf3 Nd7 12.g4 Nxd4 13.Bxd4 b5 14.a3 Bb7 15.Bg2 Rac8
16.g5 f5 17.gxf6 Bxf6 18.f5 Bxd4 19.Qxd4 e5 20.Qd2 Nf6 21.Rad1 Rfd8 22.Qe3 Qc5
23.Qg5 Rf8 24.Rd3 a5 25.Rg3 Rf7 26.b4 axb4 27.axb4 Qxb4 28.Rb1 Qc4 29.Rxb5 Bxe4
30.Rb1 Bxg2+ 31.Kxg2 d5  0-1

[Event "Bern op"]
[Site "Bern"]
[Date "1995.??.??"]
[Round "9"]
[White "Meijers, Viesturs"]
[Black "Razuvaev, Yuri S"]
[Result "0-1"]
[WhiteElo "2360"]
[BlackElo "2580"]

1.e4 c5 2.Nf3 Nc6 3.d4 cxd4 4.Nxd4 e6 5.Nc3 Qc7 6.Be3 a6 7.Bd3 b5 8.Nxc6 Qxc6
9.O-O Bb7 10.f3 Bc5 11.Qe1 Ne7 12.e5 Qb6 13.Bf2 Ng6 14.Ne4 Bxe4 15.Bxe4 Rc8
16.Bxg6 hxg6 17.Rd1 Bxf2+ 18.Qxf2 Qc5 19.Qxc5 Rxc5 20.c3 Rh5 21.f4 g5 22.Rd4 g6
23.Rfd1 gxf4 24.Rxd7 Kf8 25.Ra7 Rcxe5 26.Rdd7 Rhf5 27.Kf2 g5 28.Rxa6 g4 29.Rd2 Rh5
30.Rd4 Ref5 31.Kg1 g3 32.Ra8+ Ke7 33.hxg3 fxg3 34.Rg8 Rh1+  0-1

[Event "Biel Credis op"]
[Site "Biel"]
[Date "1995.??.??"]
[Round "2"]
[White "Suetin, Alexey S"]
[Black "Wyss, Thomas"]
[Result "1/2-1/2"]
[WhiteElo "2445"]
[BlackElo "2255"]

1.e4 c5 2.Nf3 e6 3.d4 cxd4 4.Nxd4 Nc6 5.Nc3 Qc7 6.g3 a6 7.Bg2 Nf6 8.O-O Nxd4
9.Qxd4 Bc5 10.Bf4 d6 11.Qd2 h6 12.Rad1 e5 13.Be3 Ke7 14.h3 Be6 15.Bxc5 Qxc5
16.Kh2 Rac8 17.f4 Rhd8 18.Rf2 Kf8 19.Qe1 Qb4 20.Rb1 b5 21.a3 Qc5 22.Rd1 Qb6
23.Rfd2 Ke7 24.Nd5+ Bxd5 25.exd5 Nd7 26.Qe4 Kf8 27.Qh7 Nf6 28.Qf5 exf4 29.Qxf4 Re8
30.Rf1 Re5 31.Rdf2 Rc4 32.Qc1 Qe3 33.Qxe3 Rxe3 34.c3 a5 35.Rd1 b4 36.axb4 axb4
37.Bf1 Rce4 38.Bg2 Re2 39.Kg1 Re1+ 40.Rf1 Rxf1+ 41.Kxf1 Rc4 42.Rd3 bxc3 43.Rxc3 Rd4
44.Rc8+ Ke7 45.Rc7+ Ke8 46.Rb7 Nh5 47.Rb3 Ke7 48.Re3+ Kd7 49.Ke2 Nf6 50.Rb3 Nxd5
51.Bxd5 Rxd5 52.Rb7+ Ke6 53.b4 Rg5 54.Kf3 Rf5+ 55.Ke3 Re5+ 56.Kf3 Re1 57.b5 Rb1
58.b6 Rb3+ 59.Kf2 d5 60.Rb8 g6 61.b7 Ke7 62.g4 g5 63.Ke2 Kd7 64.Rf8 Rxb7
65.Rxf7+ Kc6 66.Rf6+ Kc5 67.Rxh6 Kd4 68.h4 Rb2+ 69.Kf3 Rb3+ 70.Ke2 gxh4 71.Rxh4 Ke4
72.g5+ Kf5 73.Rd4 Rb5 74.Ke3 Kxg5 75.Ra4 Rb1  1/2-1/2

[Event "Biel op"]
[Site "Biel"]
[Date "1995.??.??"]
[Round "3"]
[White "Gruenfeld, Yehuda"]
[Black "Lalic, Bogdan"]
[Result "1/2-1/2"]
[WhiteElo "2525"]
[BlackElo "2590"]

1.e4 c5 2.Nf3 Nc6 3.Nc3 e6 4.d4 cxd4 5.Nxd4 Qc7 6.g3 a6 7.Bg2 Nf6 8.O-O Bc5
9.Nxc6 dxc6 10.Qe2 e5 11.Be3 Bg4 12.Qe1 Bxe3 13.Qxe3 O-O  1/2-1/2

[Event "Biel Credis op"]
[Site "Biel"]
[Date "1995.??.??"]
[Round "4"]
[White "Masserey, Yvan"]
[Black "Zichichi, Alvise"]
[Result "0-1"]
[WhiteElo "2350"]
[BlackElo "2315"]

1.e4 c5 2.Nf3 e6 3.d4 cxd4 4.Nxd4 Nc6 5.Nc3 Qc7 6.f4 a6 7.Nb3 b5 8.Bd3 d6
9.Qf3 Bb7 10.a4 b4 11.Ne2 Nf6 12.Bd2 Be7 13.O-O O-O 14.Be1 Rac8 15.Bh4 g6
16.Qh3 Qd8 17.Rad1 Nxe4 18.Bxe4 Bxh4 19.f5 exf5 20.Rxf5 Ne7 21.Rf4 Bg5 22.Bxb7 Qb6+
23.Rdd4 Qxb7 24.Rg4 Bf6 25.Rxb4 Qa7+ 26.Kf1 Rxc2 27.Qf3 Kg7 28.Rb7 Qa8 29.Nf4 Bxb2
30.Rxe7 Qxf3+ 31.gxf3 Rb8 32.Nd4 Rc1+ 33.Re1 Rxe1+ 34.Kxe1 Bxd4 35.Nh5+ Kh6
36.Rxd4 Kxh5 37.Rxd6 f5 38.Ke2 Rb2+ 39.Ke3 Rxh2 40.Rxa6 g5 41.f4 Rh3+ 42.Ke2 g4
43.Rf6 Ra3 44.Rxf5+ Kh4 45.Rd5 Rxa4 46.Ke3 Ra3+ 47.Ke4 Ra1 48.f5 Rf1 49.Ke5 g3  0-1

[Event "Biel op"]
[Site "Biel"]
[Date "1995.??.??"]
[Round "5"]
[White "Astengo, Corrado"]
[Black "Vucic, Mladen"]
[Result "0-1"]
[WhiteElo "2160"]
[BlackElo "2370"]

1.e4 c5 2.Nf3 e6 3.d4 cxd4 4.Nxd4 Nc6 5.Nc3 a6 6.Be2 d6 7.Be3 Nf6 8.O-O Be7
9.Kh1 O-O 10.f4 Qc7 11.Qe1 Nxd4 12.Bxd4 b5 13.a3 Bb7 14.Qg3 Bc6 15.e5 Ne8
16.Bd3 Qb7 17.Rae1 b4 18.Ne4 Bxe4 19.Bxe4 d5 20.Bd3 bxa3 21.bxa3 g6 22.f5 exf5
23.Bxf5 Ng7 24.Bd3 Ne6 25.Ba1 Qc6 26.h4 Qa4 27.c4 dxc4 28.Be4 Rac8 29.h5 c3
30.Bxc3 Rc4 31.Rf4 Rxc3 32.Qxc3 Nxf4 33.hxg6 hxg6 34.Qg3 Ne6  0-1

[Event "Biel op"]
[Site "Biel"]
[Date "1995.??.??"]
[Round "5"]
[White "Golubev, Mihail"]
[Black "Sokolov, Andrei"]
[Result "1-0"]
[WhiteElo "2525"]
[BlackElo "2585"]

1.e4 c5 2.Nf3 e6 3.d4 cxd4 4.Nxd4 Nc6 5.Nc3 a6 6.Be3 Nf6 7.Bd3 d5 8.exd5 exd5
9.Qd2 Bb4 10.a3 Bd6 11.O-O-O O-O 12.h3 Re8 13.Rhe1 Bf8 14.g4 Bd7 15.f3 Rc8
16.g5 Nh5 17.Nxd5 Ne5 18.h4 Nc4 19.Bxc4 Rxc4 20.Qd3 b5 21.Nb3 Qc8 22.Nb6 Bf5
23.Qxc4 bxc4 24.Nxc8 cxb3 25.Nd6 Bxd6 26.Rxd6 Nf4 27.Bd2 Ne6 28.cxb3 Rc8+
29.Bc3 Nc5 30.Kd1 Nxb3 31.Re5  1-0

[Event "Biel op"]
[Site "Biel"]
[Date "1995.??.??"]
[Round "5"]
[White "Kawaciukova, Zuzana"]
[Black "Belotelov, Dimitri"]
[Result "0-1"]
[WhiteElo "2080"]
[BlackElo "2325"]

1.e4 e6 2.d4 c5 3.Nf3 cxd4 4.Nxd4 Nc6 5.Nc3 a6 6.f4 Qc7 7.a3 b5 8.Be2 Bb7
9.Be3 d6 10.O-O Nf6 11.Bf3 Be7 12.e5 dxe5 13.Nxc6 Bxc6 14.fxe5 Nd7 15.Bf4 O-O
16.Kh1 Rfd8 17.Qe1 Nf8 18.Qg3 Ng6 19.Bh5 Qb7 20.Bxg6 hxg6 21.Rf2 Rd7 22.Raf1 Rc8
23.Be3 Bd8 24.Ne2 Be4 25.c3 Bc7 26.Bd4 Rcd8 27.Qe3 Bf5 28.Ng3 Rd5 29.Qg5 Qb8
30.Nxf5 gxf5 31.Re2 Bb6 32.Bxb6 Qxb6 33.Rfe1 R8d7 34.h4 Qd8 35.Qf4 Rc7 36.g3 Rc4
37.Qf3 Rcc5 38.Kg2 Rd3 39.Re3 Rd2+ 40.R1e2 Rdd5 41.Kh3 Rc4 42.Qf2 g6 43.b3 Rc7
44.Rc2 Rcc5 45.Rce2 Qc7 46.Qe1 Kg7 47.Kg2 Qd8 48.Qf2 Rd1 49.Re1 Qd5+ 50.Kh2 Rd2
51.R1e2 Rxe2 52.Qxe2 Qxb3 53.Qd2 Rd5 54.Qe2 Qb1 55.Qf2 Qc1  0-1

[Event "Biel Credis op"]
[Site "Biel"]
[Date "1995.??.??"]
[Round "7"]
[White "Ilijin, Neboisa"]
[Black "Kaenel, Hansjuerg"]
[Result "0-1"]
[WhiteElo "2320"]
[BlackElo "2395"]

1.e4 c5 2.Nf3 e6 3.d4 cxd4 4.Nxd4 Nc6 5.Nc3 Qc7 6.Be2 a6 7.O-O Nf6 8.Be3 Bb4
9.Na4 O-O 10.Nxc6 bxc6 11.c4 Be7 12.Qc2 c5 13.f4 d6 14.Nc3 Bb7 15.Rad1 Rad8
16.Bf3 Nd7 17.g4 h6 18.Bg2 Bf6 19.Ne2 Nb8 20.Rf3 Nc6 21.Rh3 e5 22.g5 hxg5
23.fxg5 Be7 24.Ng3 g6 25.Qf2 f6 26.Nf5 fxg5 27.Qg3 gxf5 28.Rh6 f4 29.Qh3 Bf6
30.Bf2 Qf7 31.Bf3 Bc8 32.Bg4 Bxg4 33.Qxg4 Kg7 34.Rh3 Nd4 35.b3 Qd7  0-1

[Event "Biel Credis op"]
[Site "Biel"]
[Date "1995.??.??"]
[Round "10"]
[White "Suetin, Alexey S"]
[Black "Pytel, Martin"]
[Result "1/2-1/2"]
[WhiteElo "2445"]
[BlackElo "2235"]

1.e4 c5 2.Nf3 Nc6 3.d4 cxd4 4.Nxd4 e6 5.Nc3 a6 6.Be2 Qc7 7.O-O Nf6 8.Be3 Bb4
9.Na4 Be7 10.Nxc6 bxc6 11.Nb6 Rb8 12.Nxc8 Qxc8 13.e5 Nd5 14.Bc1 Bc5 15.Bd3 O-O
16.c4 Ne7 17.b3 Qc7 18.Bb2 Ng6 19.Qh5 Rfd8 20.Rad1 Qa5 21.Bb1 d5 22.cxd5 Rxd5
23.Rc1 Qb6 24.Qe2 Rbd8 25.Bc3 Bd4 26.Bxd4 Rxd4 27.Qc2 a5 28.g3 Rd2 29.Qc3 Qb4  1/2-1/2

[Event "Biel Credis op"]
[Site "Biel"]
[Date "1995.??.??"]
[Round "10"]
[White "Veroci, Zsuzsa"]
[Black "Kaenel, Hansjuerg"]
[Result "0-1"]
[WhiteElo "2315"]
[BlackElo "2395"]

1.e4 c5 2.Nf3 e6 3.d4 cxd4 4.Nxd4 Nc6 5.Nc3 Qc7 6.g3 a6 7.Bg2 d6 8.O-O Bd7
9.a4 Nf6 10.Nxc6 Bxc6 11.a5 Be7 12.Be3 Nd7 13.Na4 O-O 14.Nb6 Rae8 15.c4 Nxb6
16.Bxb6 Qd7 17.Re1 f5 18.exf5 Bxg2 19.Kxg2 Rxf5 20.Qe2 Bd8 21.Bxd8 Rxd8 22.Qe4 Rdf8
23.Re2 Qf7 24.f4 e5 25.fxe5 Rxe5 26.Qd3 Rxa5 27.Rd1 Rc5 28.b3 b5 29.Red2 bxc4
30.bxc4 Rxc4 31.Qxd6 Qf3+ 32.Kg1 Qe3+ 33.Kg2 Qe4+ 34.Kg1 Rc2 35.Rxc2 Qxc2
36.Qe6+ Kh8 37.Rf1 Rxf1+ 38.Kxf1 Qd3+ 39.Kg2 h6 40.Qe8+ Kh7 41.Qe5 Qd8 42.h4 Qa8+
43.Kf2 a5 44.Qf5+ Kh8 45.Qd3 a4 46.Qa3 Qe4 47.Qf8+ Kh7 48.Qc5 Qd3  0-1

[Event "Biel op"]
[Site "Biel"]
[Date "1995.??.??"]
[Round "10"]
[White "Eismont, Oleg"]
[Black "Romanishin, Oleg M"]
[Result "1/2-1/2"]
[WhiteElo "2450"]
[BlackElo "2580"]

1.e4 c5 2.Nc3 e6 3.Nf3 Nc6 4.d4 cxd4 5.Nxd4 a6 6.Nxc6 bxc6 7.Bd3 d5 8.O-O Nf6
9.Re1 Be7 10.e5 Nd7 11.Qg4 g6 12.Na4 Qa5 13.c3 c5 14.Bc2 Bb7 15.Bh6 Bc6 16.Qd1 Rb8
17.Rb1 Qc7 18.c4 d4 19.Be4 Bxe4 20.Rxe4 Qc6 21.Re1 f5 22.exf6 Bxf6 23.b3 Kf7
24.Qd2 Rhe8 25.Nb2 e5 26.f3 e4 27.fxe4 Rxe4 28.Rxe4 Qxe4 29.Re1 Qg4 30.Bf4 Re8
31.Rxe8 Kxe8 32.Nd3 Kf7 33.h3 Qe6 34.Qe1 Qxe1+ 35.Nxe1 Be5 36.Bd2 Nf6 37.Nd3 Bd6
38.Kf2 Ne4+ 39.Ke2 Ke6 40.a3 h5 41.Be1 Kf5 42.Kf3 Ng5+ 43.Ke2 Ne4 44.Kf3  1/2-1/2

[Event "Biel"]
[Site "Biel"]
[Date "1995.??.??"]
[Round "11"]
[White "De Firmian, Nick E"]
[Black "Zvjaginsev, Vadim"]
[Result "1/2-1/2"]
[WhiteElo "2605"]
[BlackElo "2600"]

1.e4 c5 2.Nf3 e6 3.d4 cxd4 4.Nxd4 Nc6 5.Nc3 Qc7 6.g3 a6 7.Bg2 d6 8.O-O Bd7
9.a4 Nf6 10.Nb3 Be7 11.f4 O-O 12.g4 d5 13.e5 Ne8 14.Be3 Bb4 15.Ne2 f6 16.c3 Be7
17.exf6 Nxf6 18.Ng3 Bd6 19.g5 Ne8 20.Nc5 Ne7 21.Nxd7  1/2-1/2

[Event "Biel"]
[Site "Biel"]
[Date "1995.??.??"]
[Round "13"]
[White "Kindermann, Stefan"]
[Black "Zvjaginsev, Vadim"]
[Result "1/2-1/2"]
[WhiteElo "2565"]
[BlackElo "2600"]

1.e4 c5 2.Nf3 e6 3.d4 cxd4 4.Nxd4 Nc6 5.Nc3 Qc7 6.g3 a6 7.Bg2 d6 8.O-O Bd7
9.Nxc6 Bxc6 10.a4 Nf6 11.a5 Be7 12.Be3  1/2-1/2

[Event "GER-ch"]
[Site "Binz"]
[Date "1995.??.??"]
[Round "1"]
[White "Luther, Thomas"]
[Black "Matthias, Heiner"]
[Result "1-0"]
[WhiteElo "2550"]
[BlackElo "2330"]

1.e4 c5 2.Nf3 e6 3.d4 cxd4 4.Nxd4 Nc6 5.Nc3 a6 6.Be3 Qc7 7.Bd3 Nf6 8.O-O b5
9.Nxc6 dxc6 10.f4 e5 11.f5 Bb7 12.a4 Be7 13.Qf3 O-O 14.g4 h6 15.h4 Nh7 16.Qh3 Qd8
17.Bf2 Bb4 18.Kh2 Qe7 19.Rg1 f6 20.Qe3 Qc7 21.Qb6 Qxb6 22.Bxb6 Rfc8 23.Kg3 Be7
24.Kf3 Nf8 25.Rgd1 Kf7 26.Be2 Bd8 27.Be3 Be7 28.Bb6 Bd8 29.Be3 Be7 30.Nb1 Rd8
31.Nd2 Ke8 32.Rg1 Rab8 33.Nb3 Nd7 34.Rgd1 Nf8 35.Ba7 Rxd1 36.Bxd1 Rc8 37.Be2 Nd7
38.Be3 Rb8 39.Ba7 Ra8 40.Be3 Rb8 41.axb5 cxb5 42.c4 bxc4 43.Bxc4 Bc8 44.Be6 Nf8
45.Bg8 Nd7 46.Rc1 Bb7 47.Na5 Bd8 48.Nxb7 Rxb7 49.b3 a5 50.Rc6 Rc7 51.Ra6 Rc3
52.Ke2 Nc5 53.Bxc5 Rxc5 54.Kd3 Rc1 55.Ra7 Rc7 56.Ra8 Ke7 57.Be6 Rc5 58.Bd5 Rc7
59.Ra6 Rc5 60.Bc6 Kd6 61.Bb5+ Ke7 62.Bc4 Rc7 63.Kc3 Kf8 64.Kb2 Rc5 65.Ra8 Ke7
66.Ka3 Rc6 67.Bd5 Rc5 68.Ka4 Ke8 69.Bc4 Ke7 70.Ra6 Kf8 71.Ra7 Rc8 72.Rf7+ Ke8
73.Rxg7 Rb8 74.Bb5+ Kf8 75.Rh7 Rc8 76.Rxh6 Rc1 77.Bc4 Rg1 78.Rg6 Rh1 79.g5 Ke8
80.gxf6 Kd7 81.Kb5 a4 82.Rg7+ Kc8 83.f7 Be7 84.f6 Bd6 85.Kc6  1-0

[Event "GER-ch"]
[Site "Binz"]
[Date "1995.??.??"]
[Round "3"]
[White "Luther, Thomas"]
[Black "Maiwald, Jens Uwe"]
[Result "0-1"]
[WhiteElo "2550"]
[BlackElo "2485"]

1.e4 c5 2.Nf3 e6 3.d4 cxd4 4.Nxd4 Nc6 5.Nc3 Qc7 6.Be3 a6 7.Bd3 b5 8.Nxc6 Qxc6
9.O-O Bb7 10.Qf3 Ne7 11.Qh3 Ng6 12.f4 Bc5 13.Rae1 f6 14.Kh1 Bb4 15.Bd2 Bc5
16.Qh5 O-O 17.Rf3 Rfe8 18.Rh3 Nf8 19.Re2 Qc7 20.a3 Rad8 21.f5 exf5 22.exf5 Rxe2
23.Qxe2 d5 24.Rf3 Qc6 25.Qf1 Nd7 26.Bf4 Bd4 27.a4 bxa4 28.Nxd5 Qc5 29.c3 Bxd5
30.cxd4 Qxd4 31.Rg3 Ne5 32.Bxa6 Be4 33.Bh6 Rd7 34.h3 Qxb2 35.Bc4+ Kh8 36.Be6 Rc7
37.Qf4 Qe2 38.Qh4 Qe1+ 39.Kh2 Nf3+ 40.gxf3 Rc2+  0-1

[Event "GER-ch"]
[Site "Binz"]
[Date "1995.??.??"]
[Round "5"]
[White "Mainka, Romuald"]
[Black "Maiwald, Jens Uwe"]
[Result "1-0"]
[WhiteElo "2530"]
[BlackElo "2485"]

1.e4 c5 2.Nf3 e6 3.d4 cxd4 4.Nxd4 Nc6 5.Nc3 Qc7 6.Be3 a6 7.f3 b5 8.Qd2 Bb7
9.O-O-O Ne5 10.f4 b4 11.Nd5 exd5 12.fxe5 dxe4 13.Nf5 O-O-O 14.Qd4 Nh6 15.Nd6+ Bxd6
16.exd6 Qc6 17.Qxb4 Ng4 18.Bb6 Rde8 19.Be2 Ne5 20.Kb1 f5 21.Bc7 e3 22.Rhg1 Re6
23.Qd4 Qe4 24.Qb6 Nc6 25.a3 Qa4 26.Rd5 Rf8 27.Rc5 Rf7 28.Rd1 Re4 29.Rd3  1-0

[Event "Bled op"]
[Site "Bled"]
[Date "1995.??.??"]
[Round "2"]
[White "Valenti, Giuseppe"]
[Black "Gostisa, Leon"]
[Result "0-1"]
[WhiteElo "2260"]
[BlackElo "2420"]

1.e4 c5 2.Nf3 e6 3.d4 cxd4 4.Nxd4 Nc6 5.Nc3 Qc7 6.g3 a6 7.Bg2 Nf6 8.O-O Bc5
9.Be3 Ne5 10.Bf4 d6 11.a4 Bd7 12.b3 Neg4 13.Bg5 h6 14.Bxf6 Nxf6 15.Qd3 O-O
16.Nde2 Rfd8 17.h3 Rac8 18.Rad1 Be8 19.Qf3 Bb6 20.Qf4 Ba5 21.Rd3 Nd7 22.g4 Ne5
23.Rg3 b5 24.axb5 axb5 25.Rc1 Ng6 26.Qe3 Bb6 27.Qd2 Qa7 28.Nd1 Bc6 29.Rd3 Qb8
30.Nd4 Bxd4 31.Rxd4 Nf4 32.Bf1 e5 33.Rb4 d5 34.Nc3 dxe4 35.Qe1 Rd4 36.Nxe4 Qb6
37.Rd1 Rxd1 38.Qxd1 Nd5 39.Rxb5 Bxb5 40.Qxd5 Bxf1 41.Nd6 Rf8 42.Kxf1 Qc7
43.c4 Rb8 44.c5 Rb4 45.Kg2 Rf4 46.Qxe5 Qc6+ 47.Kg1 Qf3 48.Qe3 Qd1+ 49.Kh2 g5
50.Nf5 Kh7 51.Ng3 Qd5 52.Nh5 Rf3 53.Qe2 Kg6 54.b4 Qd3 55.Qxd3+ Rxd3 56.f4 f6
57.f5+ Kf7 58.Ng3 Rb3 59.Kg2 Rxb4 60.Kf3 Rb3+ 61.Kf2 Ke7 62.Kg2 Re3 63.Nh5 Rc3
64.Kh2 Rxc5 65.Kg3 Rc3+ 66.Kg2 Rd3 67.Kh2 Rd6 68.Kg2 Rd3 69.Kh2 Rd8 70.Kg3 Rf8
71.Kf3 Kd6 72.Ke4 Rf7 73.Kd4 Ra7 74.Nxf6 Ra4+ 75.Ke3 Ra3+ 76.Ke4 Rxh3 77.Nh5 Rh4
78.Nf6 Rh1 79.Ng8 Re1+ 80.Kf3 Re8 81.Nxh6 Ke7 82.f6+ Kxf6 83.Nf5 Ke5 84.Ne3 Rc8
85.Ng2 Rc3+  0-1

[Event "Bled op"]
[Site "Bled"]
[Date "1995.??.??"]
[Round "3"]
[White "Spiel, Marianne"]
[Black "Ilijin, Neboisa"]
[Result "0-1"]
[WhiteElo "2220"]
[BlackElo "2280"]

1.e4 c5 2.Nf3 e6 3.d4 cxd4 4.Nxd4 Nc6 5.Nc3 a6 6.Be3 Nf6 7.Qd2 Bb4 8.f3 d5
9.exd5 Nxd5 10.Nxc6 bxc6 11.Bd4 O-O 12.a3 Bd6 13.Ne4 Bf4 14.Qf2 f5 15.Nc3 e5
16.Nxd5 cxd5 17.Bc3 Qc7 18.g3 Bg5 19.Bg2 Rb8 20.O-O d4 21.Bd2 Bxd2 22.Qxd2 Rxb2
23.Rfc1 Qc5 24.Kh1 Be6 25.Qd3 Bc4 26.Qd1 h6 27.Qg1 Qd6 28.Qd1 Rfb8 29.Bf1 Bxf1
30.Qxf1 Rc8 31.Qd3 e4 32.fxe4 Rc3 33.Qe2 Qc6  0-1

[Event "Bled op"]
[Site "Bled"]
[Date "1995.??.??"]
[Round "4"]
[White "Wells, Peter K"]
[Black "Gostisa, Leon"]
[Result "1-0"]
[WhiteElo "2530"]
[BlackElo "2420"]

1.e4 c5 2.Nf3 e6 3.d4 cxd4 4.Nxd4 Nc6 5.Nc3 Qc7 6.Be3 a6 7.Qd2 b5 8.Nxc6 Qxc6
9.f3 Bc5 10.Bd3 Bb7 11.a4 Bxe3 12.Qxe3 bxa4 13.Rxa4 Ne7 14.Qd4 f6 15.e5 fxe5
16.Qxe5 Qb6 17.Rg4 O-O-O 18.Na4 Qa7 19.Qd6 Qe3+ 20.Kd1  1-0

[Event "Bled op"]
[Site "Bled"]
[Date "1995.??.??"]
[Round "6"]
[White "Jazbinsek, Sebastjan"]
[Black "Susnik, Matej"]
[Result "1-0"]
[WhiteElo "2210"]
[BlackElo "2200"]

1.e4 c5 2.Nf3 e6 3.d4 cxd4 4.Nxd4 Nc6 5.Nc3 Qc7 6.Be3 a6 7.Bd3 Nf6 8.O-O Be7
9.Kh1 O-O 10.f4 d6 11.Qe1 Nxd4 12.Bxd4 e5 13.fxe5 dxe5 14.Qg3 Bd6 15.Rxf6 exd4
16.Qxd6 Qxd6 17.Rxd6 dxc3 18.bxc3 Be6 19.Rb6 Ra7 20.Rab1 Bxa2 21.Rxb7 Rxb7
22.Rxb7 Be6 23.Ra7 Rb8 24.Kg1 Kf8 25.Rxa6 Ke7 26.Kf2 Rc8 27.Ra3 Kd6 28.Ke3 Rb8
29.c4 Rb1 30.Kd4 Rg1 31.e5+ Kc7 32.Be4 Re1 33.Bd5 Rd1+ 34.Kc5 Re1 35.Bxe6 fxe6
36.Ra7+ Kb8 37.Rxg7 Rxe5+ 38.Kb6 Kc8 39.c5 Re1 40.Kc6 Kb8 41.Rxh7 e5 42.Re7 e4
43.h4 e3 44.g4 e2 45.g5 Rh1 46.Rxe2 Rxh4 47.Rg2  1-0

[Event "Bled op"]
[Site "Bled"]
[Date "1995.??.??"]
[Round "8"]
[White "Licina, Anita"]
[Black "Susnik, Matej"]
[Result "1/2-1/2"]
[WhiteElo "2225"]
[BlackElo "2200"]

1.e4 c5 2.Nf3 e6 3.d4 cxd4 4.Nxd4 Nc6 5.Nc3 Qc7 6.f4 d6 7.Be3 Nf6 8.Be2 a6
9.a4 Be7 10.O-O O-O 11.Kh1 Re8 12.Qd2 Rb8 13.Nb3 b6 14.Bf3 Bb7 15.Rad1 Nb4
16.Bg1 d5 17.exd5 Nbxd5 18.Nxd5 Bxd5 19.Bxd5 exd5 20.Bd4 Rbc8 21.c3 Ne4 22.Qd3 Qc4
23.Qxc4 dxc4 24.Nd2 Nxd2 25.Rxd2 b5 26.axb5 axb5 27.Re2 Bd6 28.Rxe8+ Rxe8
29.g3 Re2 30.Rf2 Rxf2 31.Bxf2 f5 32.Kg2 Kf7 33.Kf3 Ke6 34.Bd4 Bf8 35.h3 Kd5
36.Be5 g6 37.Bd4 b4 38.Be3 Bg7 39.Bd2 h5 40.Be1 Kc6 41.Ke2 Kb5 42.Kd1 bxc3
43.bxc3 Ka4 44.Kc2 Bf8 45.Bf2 Bd6 46.h4 Kb5 47.Kd2 Kc6 48.Ke2 Bc7 49.Be3 Ba5
50.Bd4 Kd5 51.Ke3 Bd8  1/2-1/2

[Event "Bodensee-Cup"]
[Site "Bodensee"]
[Date "1995.??.??"]
[Round "?"]
[White "Zuse, Klaus Peter"]
[Black "Wachinger, Guenther"]
[Result "1/2-1/2"]
[WhiteElo "2290"]
[BlackElo "2270"]

1.e4 c5 2.Nf3 e6 3.d4 cxd4 4.Nxd4 Nc6 5.Nc3 a6 6.Be2 Qc7 7.Be3 b5 8.a3 Bb7
9.O-O Na5 10.f3 Nf6 11.Qe1 Nc4 12.Bxc4 Qxc4 13.Rd1 Rc8 14.Rd3 Qc7 15.Bg5 Qc5
16.Bxf6 gxf6 17.Kh1 Rg8 18.Rf2 h5 19.f4 Bh6 20.f5 Bg5 21.Nf3 Bh6 22.e5 Rg5
23.fxe6 dxe6 24.exf6 Rf5 25.b4 Qb6 26.Re2 Rxf6 27.Nd5 Bxd5 28.Rxd5 Rc4 29.Rxh5 Qc7
30.Qf2 Qf4  1/2-1/2